Statistiken für Quiz von B-Straßen + A-Bahn + S-Straße von österreich

Klicken Sie hier um das Quiz zu spielen!

Allgemein

  • Dieses Quiz wurde 2 mal gespielt
  • Das Durchschnittsergebnis liegt bei 6 aus 15

Antwortstatistiken

FrageAntwort% Korrekt
(A) Welche Autobahn hat die schlechtere Stau, wenn eine Baustelle kommtA10
100%
(B) gleiche Länge von E651B320
100%
(S) Welche Ausgang führt richtung RedBull RingS36
100%
Längste AutobahnA2
50%
Längste B-StarßeB1
50%
(B) Welche B-Straße hat die Start statt 0km, 40km lang,B310
50%
(S) Salzburg hatte 4 Schnellstraßen gehabt aber jetzt gibts es keine mehr,S11,S8,S41,S42
50%
Längste S StraßeS6
50%
(A) Wenn die S40 von A10 verlässt, wie lang wird die A10, wenn die S40 54km lang ist149km
0%
(A) Exit 8,11,16,22,28,34,43,44,47,56,60,63,66,74,92,104,113.......A10
0%
(A) Welche Autobahn (e. B-straße) haben die E552 zusammenA25, A8, B148
0%
(B) In 1948 war eine Bundesstraße die war eine länge von 137km langB159
0%
(B) Wenn du B21 in Deutschland fährst, wo wird du dann sein (wenn du denn Ende des B21 ist)B178
0%
(B-Straße) ist mit A7 (D) verbundenB179
0%
(S) Wo beißen Arbeiter die Brücke des SchnellstraßenS16
0%

Verteilung der Resultate

Perzentil nach korrekt beantworteten Fragen

Anzahl Personen mit jedem Resultat

Ihre Resultats-Entwicklung

Sie haben dieses Quiz noch nicht gespielt